<?xml version="1.0" encoding="UTF-8"?>
<record
    xmlns:xsi="http://www.w3.org/2001/XMLSchema-instance"
    xsi:schemaLocation="http://www.loc.gov/MARC21/slim http://www.loc.gov/standards/marcxml/schema/MARC21slim.xsd"
    xmlns="http://www.loc.gov/MARC21/slim">

  <leader>06532nam a2200745uu 4500</leader>
  <controlfield tag="001">1489019</controlfield>
  <controlfield tag="005">20260508092350.0</controlfield>
  <controlfield tag="008">180316s2017                        spa  </controlfield>
  <datafield tag="020" ind1=" " ind2=" ">
    <subfield code="a">9789588888903</subfield>
  </datafield>
  <datafield tag="035" ind1=" " ind2=" ">
    <subfield code="a">1489019</subfield>
  </datafield>
  <datafield tag="040" ind1=" " ind2=" ">
    <subfield code="c">comduadb</subfield>
  </datafield>
  <datafield tag="041" ind1=" " ind2=" ">
    <subfield code="a">spa</subfield>
  </datafield>
  <datafield tag="082" ind1=" " ind2="4">
    <subfield code="a">370</subfield>
  </datafield>
  <datafield tag="100" ind1="1" ind2="0">
    <subfield code="a">Alzate Toro, Faber Hern&#xE1;n</subfield>
    <subfield code="4">com</subfield>
    <subfield code="e">com</subfield>
    <subfield code="9">512113</subfield>
  </datafield>
  <datafield tag="245" ind1="1" ind2="0">
    <subfield code="a">Escuela e investigaci&#xF3;n como obra</subfield>
  </datafield>
  <datafield tag="260" ind1=" " ind2=" ">
    <subfield code="a">Medell&#xED;n :</subfield>
    <subfield code="b">Alcald&#xED;a de Medell&#xED;n,</subfield>
    <subfield code="c">2017.</subfield>
  </datafield>
  <datafield tag="500" ind1=" " ind2=" ">
    <subfield code="a">GENERAL : Este libro es producto del Convenio Nro. 4600067690 de 2016 firmado entre la Secretar&#xED;a de Educaci&#xF3;n de Medell&#xED;n y la Universidad Pontificia Bolivariana.</subfield>
  </datafield>
  <datafield tag="505" ind1=" " ind2=" ">
    <subfield code="a">CONTENIDO : Presentaci&#xF3;n. -- Introducci&#xF3;n. -- Habilidades sociales y aprendizaje significativo de los estudiantes en situaci&#xF3;n de discapacidad visual (ceguera y baja visi&#xF3;n) de Educaci&#xF3;n B&#xE1;sica Primaria de la Instituci&#xF3;n Educativa. -- Lineamientos -no prescriptivos- para la construcci&#xF3;n d emodelos pedag&#xF3;gicos alternativos como opci&#xF3;n de transformaci&#xF3;n para las isntituciones educativas p&#xFA;blicas Rodrigo Correa Palacio y T&#xE9;cnico Industrial Pascual Bravo, de la ciudad de Medell&#xED;n. -- La construcci&#xF3;n de ciudadan&#xED;a a partir d ela lectura.El caso del taller literario "Ponycornios devora libros", de la Instituci&#xF3;n Educativa Jos&#xE9; Roberto V&#xE1;squez, barrio Manrique, municipio de Medell&#xED;n. -- Familia y escuela : espacios de acogida y de relaci&#xF3;n. -- Encuenctros y desencuentros en cuatro escuelas de Medell&#xED;n L la discriminaci&#xF3;n y su relaci&#xF3;n con lo s imaginarios sociales en torno al "otro-otra". -- Bienestar-malestar psicosocial en el trabajo docente. Exploraci&#xF3;n de relaciones entre condiciones de trabajo escolar, bienestar laboral y calidad de vida de maestros oficiales de Medell&#xED;n. -- Consideraciones finales.</subfield>
  </datafield>
  <datafield tag="520" ind1="3" ind2=" ">
    <subfield code="a">RESUMEN : La investigaci&#xF3;n se ha convertido en una idea fuerza esencial dentro de las sociedades contempor&#xE1;neas hasta el punto de permitir el avance, el desarrollo y la transformaci&#xF3;n social y humana. La investigaci&#xF3;n es un horizonte que debe estar presente en los discursos y en las pr&#xE1;cticas sociales que lleven a cabo los diferentes actores individuales y colectivos si quieren contribuir de manera significativa a labrar el presente y perfilar el futuro. De all&#xED; que el Centro de Innovaci&#xF3;n del Maestro, de la Secretar&#xED;a de Educaci&#xF3;n de Medell&#xED;n, ha adelantado una ingente labor para que los maestros de instituciones educativas de B&#xE1;sicas y de Media se apropien del campo investigativo para adelantar ejercicios que se hacen evidentes en esta publicaci&#xF3;n y que se mire a los maestros como sujetos productores de saber pedag&#xF3;gico y educativo, que aportan en la soluci&#xF3;n de problem&#xE1;ticas escolares y societales y que se constituyen o fortalecen como sujetos &#xE9;ticos-pol&#xED;ticos comprometidos con las diversas situaciones que se les presentan. Si bien la investigaci&#xF3;n es esencial en la sociedad contempor&#xE1;nea, no hay que hacer de ella una apolog&#xED;a, en el sentido de creer que los cambios y las transformaciones de gran calado ser&#xE1;n el resultado inmediato de estas b&#xFA;squedas por cuanto lo que no han podido las reformas educativas y las decisiones pol&#xED;ticas tampoco lo podr&#xE1; hacer la investigaci&#xF3;n, por muy buenas intenciones que se tengan. Por supuesto, sabemos que la investigaci&#xF3;n que sirve &#xFA;nicamente para producir libros o alimentar las bibliotecas y egotecas de los investigadores es una sofisticaci&#xF3;n que no podemos permitirnos; en este sentido, habr&#xED;a que concebirla, m&#xE1;s bien, como una &#x201C;fuerza instituyente&#x201D; que, frente a lo instituido, a lo establecido en los diferentes campos en que es dable la sociedad, permitir&#xE1; movilizar acciones a partir de unas comprensiones y reflexiones pertinentes sobre el acto investigativo en la escuela. Creemos en la investigaci&#xF3;n como en una &#x201C;fuerza instituyente&#x201D; de primer orden en las sociedades actuales de la informaci&#xF3;n y de la comunicaci&#xF3;n.</subfield>
  </datafield>
  <datafield tag="650" ind1=" " ind2=" ">
    <subfield code="a">Investigaci&#xF3;n educativa</subfield>
    <subfield code="9">4655</subfield>
  </datafield>
  <datafield tag="650" ind1=" " ind2=" ">
    <subfield code="a">Discapacidad - Educaci&#xF3;n</subfield>
    <subfield code="9">190320</subfield>
  </datafield>
  <datafield tag="650" ind1=" " ind2="7">
    <subfield code="a">Discapacidad visual</subfield>
    <subfield code="2"></subfield>
    <subfield code="9">136327</subfield>
  </datafield>
  <datafield tag="650" ind1=" " ind2="7">
    <subfield code="a">Habilidades sociales</subfield>
    <subfield code="2">lemb</subfield>
    <subfield code="9">59906</subfield>
  </datafield>
  <datafield tag="650" ind1=" " ind2="7">
    <subfield code="a">Aprendizaje</subfield>
    <subfield code="x">Investigaciones</subfield>
    <subfield code="2">lemb</subfield>
    <subfield code="9">218805</subfield>
  </datafield>
  <datafield tag="650" ind1=" " ind2=" ">
    <subfield code="a">Modelos educativos</subfield>
    <subfield code="9">48458</subfield>
  </datafield>
  <datafield tag="650" ind1=" " ind2=" ">
    <subfield code="a">Habilidades reflexivas</subfield>
    <subfield code="9">209123</subfield>
  </datafield>
  <datafield tag="650" ind1=" " ind2=" ">
    <subfield code="a">Modelos pedag&#xF3;gicos</subfield>
    <subfield code="9">175583</subfield>
  </datafield>
  <datafield tag="650" ind1=" " ind2=" ">
    <subfield code="a">Instituci&#xF3;n Educativa Francisco Luis Hern&#xE1;ndez Betancur</subfield>
    <subfield code="9">224858</subfield>
  </datafield>
  <datafield tag="650" ind1=" " ind2=" ">
    <subfield code="a">Instituci&#xF3;n Educativa Rodrigo Correa Palacio</subfield>
    <subfield code="9">225556</subfield>
  </datafield>
  <datafield tag="650" ind1=" " ind2=" ">
    <subfield code="a">Instituto Tecnol&#xF3;gico Pascual Bravo</subfield>
    <subfield code="9">175593</subfield>
  </datafield>
  <datafield tag="650" ind1=" " ind2=" ">
    <subfield code="a">Instituci&#xF3;n Educativa Jos&#xE9; Roberto V&#xE1;squez</subfield>
    <subfield code="9">225247</subfield>
  </datafield>
  <datafield tag="650" ind1=" " ind2="7">
    <subfield code="a">Ciudadan&#xED;a</subfield>
    <subfield code="2">embne</subfield>
    <subfield code="9">7308</subfield>
  </datafield>
  <datafield tag="650" ind1=" " ind2="7">
    <subfield code="a">Familia y ense&#xF1;anza</subfield>
    <subfield code="2">embne</subfield>
    <subfield code="9">56620</subfield>
  </datafield>
  <datafield tag="650" ind1=" " ind2=" ">
    <subfield code="a">Trabajo docente</subfield>
    <subfield code="9">92731</subfield>
  </datafield>
  <datafield tag="650" ind1=" " ind2=" ">
    <subfield code="a">Bienestar laboral</subfield>
    <subfield code="9">4738</subfield>
  </datafield>
  <datafield tag="650" ind1=" " ind2=" ">
    <subfield code="a">Investigaci&#xF3;n en el aula</subfield>
    <subfield code="9">23016</subfield>
  </datafield>
  <datafield tag="650" ind1=" " ind2="7">
    <subfield code="a">Calidad de vida laboral</subfield>
    <subfield code="2">unescot</subfield>
    <subfield code="9">22388</subfield>
  </datafield>
  <datafield tag="650" ind1=" " ind2="7">
    <subfield code="a">Maestros</subfield>
    <subfield code="2"></subfield>
    <subfield code="9">1704</subfield>
  </datafield>
  <datafield tag="700" ind1="1" ind2="0">
    <subfield code="a">Salazar Vargas, Matilde</subfield>
    <subfield code="4">rev</subfield>
    <subfield code="e">rev</subfield>
    <subfield code="9">767105</subfield>
  </datafield>
  <datafield tag="700" ind1="1" ind2="0">
    <subfield code="a">Betancur Caro, Isabel Cristina</subfield>
    <subfield code="4">aut</subfield>
    <subfield code="e">aut</subfield>
    <subfield code="9">416555</subfield>
  </datafield>
  <datafield tag="700" ind1="1" ind2="0">
    <subfield code="a">Murillo Palacio, Wilmar de Jes&#xFA;s</subfield>
    <subfield code="4">aut</subfield>
    <subfield code="e">aut</subfield>
    <subfield code="9">501298</subfield>
  </datafield>
  <datafield tag="700" ind1="1" ind2="0">
    <subfield code="a">Ayala Antol&#xED;ne , Edwin Esteban</subfield>
    <subfield code="4">aut</subfield>
    <subfield code="e">aut</subfield>
    <subfield code="9">766023</subfield>
  </datafield>
  <datafield tag="700" ind1="1" ind2="0">
    <subfield code="a">Ibarg&#xFC;en Mena, Harold Antonio</subfield>
    <subfield code="4">aut</subfield>
    <subfield code="e">aut</subfield>
    <subfield code="9">593843</subfield>
  </datafield>
  <datafield tag="700" ind1="1" ind2="0">
    <subfield code="a">G&#xF3;mez Bedoya, Juan Diego</subfield>
    <subfield code="4">aut</subfield>
    <subfield code="e">aut</subfield>
    <subfield code="9">759853</subfield>
  </datafield>
  <datafield tag="700" ind1="1" ind2="0">
    <subfield code="a">Ospina Marroqu&#xED;n, Gilberto</subfield>
    <subfield code="4">aut</subfield>
    <subfield code="e">aut</subfield>
    <subfield code="9">447163</subfield>
  </datafield>
  <datafield tag="700" ind1="1" ind2="0">
    <subfield code="a">Ospina Madera, Natalia Paola</subfield>
    <subfield code="4">aut</subfield>
    <subfield code="e">aut</subfield>
    <subfield code="9">766024</subfield>
  </datafield>
  <datafield tag="700" ind1="1" ind2="0">
    <subfield code="a">Acosta Orrego, Nancy</subfield>
    <subfield code="4">aut</subfield>
    <subfield code="e">aut</subfield>
    <subfield code="9">269146</subfield>
  </datafield>
  <datafield tag="700" ind1="1" ind2="0">
    <subfield code="a">Toro Salazar, Luz D&#xE1;lila</subfield>
    <subfield code="4">aut</subfield>
    <subfield code="e">aut</subfield>
    <subfield code="9">759550</subfield>
  </datafield>
  <datafield tag="700" ind1="1" ind2="0">
    <subfield code="a">Arias Holgu&#xED;n, Margarita Mar&#xED;a</subfield>
    <subfield code="4">aut</subfield>
    <subfield code="e">aut</subfield>
    <subfield code="9">759698</subfield>
  </datafield>
  <datafield tag="700" ind1="1" ind2="0">
    <subfield code="a">Jim&#xE9;nez Hoyos, Magnolia</subfield>
    <subfield code="4">aut</subfield>
    <subfield code="e">aut</subfield>
    <subfield code="9">738720</subfield>
  </datafield>
  <datafield tag="700" ind1="1" ind2="0">
    <subfield code="a">Hincapi&#xE9; Rojas, Claudia Mar&#xED;a</subfield>
    <subfield code="4">aut</subfield>
    <subfield code="e">aut</subfield>
    <subfield code="9">271170</subfield>
  </datafield>
  <datafield tag="700" ind1="1" ind2="0">
    <subfield code="a">Quintero Cardona, Mar&#xED;a Beatr&#xED;z</subfield>
    <subfield code="4">aut</subfield>
    <subfield code="e">aut</subfield>
    <subfield code="9">760075</subfield>
  </datafield>
  <datafield tag="700" ind1="1" ind2="0">
    <subfield code="a">Ospina Cruz, Carlos Arturo</subfield>
    <subfield code="4">aut</subfield>
    <subfield code="e">aut</subfield>
    <subfield code="9">503337</subfield>
  </datafield>
  <datafield tag="700" ind1="1" ind2="0">
    <subfield code="a">Soto Zapata, Gustavo Adolfo</subfield>
    <subfield code="4">aut</subfield>
    <subfield code="e">aut</subfield>
    <subfield code="9">760076</subfield>
  </datafield>
  <datafield tag="700" ind1="1" ind2="0">
    <subfield code="a">Henao Hincapi&#xE9;, Lina Mar&#xED;a</subfield>
    <subfield code="4">aut</subfield>
    <subfield code="e">aut</subfield>
    <subfield code="9">766097</subfield>
  </datafield>
  <datafield tag="700" ind1="1" ind2="0">
    <subfield code="a">Giraldo Benjumea, Diana Patricia</subfield>
    <subfield code="4">aut</subfield>
    <subfield code="e">aut</subfield>
    <subfield code="9">599668</subfield>
  </datafield>
  <datafield tag="700" ind1="1" ind2="0">
    <subfield code="a">Henao Vergara, Gloria Nancy</subfield>
    <subfield code="4">aut</subfield>
    <subfield code="e">aut</subfield>
    <subfield code="9">624305</subfield>
  </datafield>
  <datafield tag="700" ind1="1" ind2="0">
    <subfield code="a">D&#xED;az Santamar&#xED;a, Lina Marcela</subfield>
    <subfield code="4">aut</subfield>
    <subfield code="e">aut</subfield>
    <subfield code="9">747512</subfield>
  </datafield>
  <datafield tag="700" ind1="1" ind2="0">
    <subfield code="a">D&#xED;az David, Marcela In&#xE9;s</subfield>
    <subfield code="4">aut</subfield>
    <subfield code="e">aut</subfield>
    <subfield code="9">759361</subfield>
  </datafield>
  <datafield tag="700" ind1="1" ind2="0">
    <subfield code="a">Tamayo Cifuentes, Diego Mauricio</subfield>
    <subfield code="4">aut</subfield>
    <subfield code="e">aut</subfield>
    <subfield code="9">419152</subfield>
  </datafield>
  <datafield tag="700" ind1="1" ind2="0">
    <subfield code="a">Betancur Torres, Sandra Patricia</subfield>
    <subfield code="4">aut</subfield>
    <subfield code="e">aut</subfield>
    <subfield code="9">766314</subfield>
  </datafield>
  <datafield tag="700" ind1="1" ind2="0">
    <subfield code="a">Montoya Escobar, Nidia Mar&#xED;a</subfield>
    <subfield code="4">aut</subfield>
    <subfield code="e">aut</subfield>
    <subfield code="9">287028</subfield>
  </datafield>
  <datafield tag="700" ind1="1" ind2="0">
    <subfield code="a">Rold&#xE1;n Aguirre, Neilan del Carmen</subfield>
    <subfield code="4">aut</subfield>
    <subfield code="e">aut</subfield>
    <subfield code="9">766315</subfield>
  </datafield>
  <datafield tag="942" ind1=" " ind2=" ">
    <subfield code="c">BOOK</subfield>
  </datafield>
  <datafield tag="999" ind1=" " ind2=" ">
    <subfield code="c">773624</subfield>
    <subfield code="d">773624</subfield>
  </datafield>
  <datafield tag="952" ind1=" " ind2=" ">
    <subfield code="0">0</subfield>
    <subfield code="1">0</subfield>
    <subfield code="4">0</subfield>
    <subfield code="7">0</subfield>
    <subfield code="8">GEN</subfield>
    <subfield code="a">BC</subfield>
    <subfield code="b">BC</subfield>
    <subfield code="d">2018-03-16</subfield>
    <subfield code="e">Material adquirido por donaci&#xF3;n</subfield>
    <subfield code="g">36000.00</subfield>
    <subfield code="i">C1280435</subfield>
    <subfield code="l">0</subfield>
    <subfield code="o">370.78 A478</subfield>
    <subfield code="p">1042332</subfield>
    <subfield code="r">2025-10-31 08:51:02</subfield>
    <subfield code="t">1</subfield>
    <subfield code="w">2023-05-04</subfield>
    <subfield code="y">BOOK</subfield>
  </datafield>
</record>
